HUMAN ANATOMY AND PHYSIOLOGY- I (Record no. 7872)

MARC details
000 -LEADER
fixed length control field 00434nam a22001697a 4500
005 - DATE AND TIME OF LATEST TRANSACTION
control field 20230112121551.0
008 - FIXED-LENGTH DATA ELEMENTS--GENERAL INFORMATION
fixed length control field 220209b ||||| |||| 00| 0 eng d
020 ## - INTERNATIONAL STANDARD BOOK NUMBER
ISBN 978-93-86700-96-4
041 ## - LANGUAGE CODE
Language code of text/sound track or separate title eng
082 ## - DEWEY DECIMAL CLASSIFICATION NUMBER
Classification number 612
100 ## - MAIN ENTRY--AUTHOR NAME
Personal name BHISE, DR.S.B AND YADAV, DR. A.V
245 ## - TITLE STATEMENT
Title HUMAN ANATOMY AND PHYSIOLOGY- I
260 ## - PUBLICATION, DISTRIBUTION, ETC. (IMPRINT)
Place of publication PUNE
Name of publisher NIRALI PRAKASHAN
300 ## - PHYSICAL DESCRIPTION
Number of Pages P.7;p
650 ## - SUBJECT ADDED ENTRY--TOPICAL TERM
Topical Term PHARMACY
General subdivision B.PHARMA
942 ## - ADDED ENTRY ELEMENTS (KOHA)
Koha item type Books
Holdings
Lost status Damaged status Collection code Home library Current library Shelving location Date acquired Source of acquisition Cost, normal purchase price Full call number Accession Number Koha item type
    Reference JRU Library JRU Library Shelf - 23- H 09/02/2022 PURCHASE 150.00 612 26066 Books
    PHARMACY JRU Library JRU Library Shelf - 23- H 09/02/2022 PURCHASE 150.00 612 26067 Books
    PHARMACY JRU Library JRU Library SHELF-4-D 09/02/2022 PURCHASE 150.00 612 26068 Books